MARC

LEADER 00000nam0a2200000 4500
001 249220
005 20231101232444.0
035 |a (RuTPU)RU\TPU\book\271247 
090 |a 249220 
100 |a 20140203d1988 k y0rusy50 ca 
101 0 |a rus 
102 |a RU 
105 |a y z 001zb 
200 1 |a Вторая степень понимания: академик Л. И. Мандельштам  |f А. М. Ливанова, В. А. Ливанов 
210 |a Москва  |c Знание  |d 1988 
215 |a 192 с. 
225 1 |a Творцы науки и техники 
320 |a Библиогр.: с. 191 
600 1 |a Мандельштам  |g Леонид Исаакович  |b Л. И.  |c российский физик  |c академик АН СССР  |f 1879-1944  |2 stltpush  |3 (RuTPU)RU\TPU\pers\1017 
606 1 |a Физические науки  |2 stltpush  |3 (RuTPU)RU\TPU\subj\67343  |9 83186 
610 1 |a биографии 
610 1 |a персоналии 
610 1 |a жизнь 
610 1 |a история 
610 1 |a физики 
610 1 |a рассеяние света 
675 |a 53(092)  |v 4 
700 1 |a Ливанова  |b А. М.  |g Анна Михайловна 
701 1 |a Ливанов  |b В. А.  |g Владимир Александрович 
801 1 |a RU  |b 63413507  |c 20140203 
801 2 |a RU  |b 63413507  |c 20180709  |g RCR 
942 |c BK